000 00591nam a2200205 a 4500
020 _a0697123243 (cloth)
020 _a0697132897 (paper)
040 _cDLC
082 0 0 _a304 BRO 1992 A065 Or.
100 1 _aFellmann, Jerome Donald,
245 1 0 _aHuman geography :
_blandscapes of human activities /
250 _a3rd ed.
260 _aDubuque, IA :
_bW.C. Brown Publishers,
_cc1992.
300 _axi, 532 p. :
_bill. (some col.), col. maps ;
_c29 cm.
650 0 _aHuman geography.
650 0 _aHuman ecology.
700 1 _aGetis, Arthur,
700 1 _aGetis, Judith,
942 _cEK
999 _c14084
_d14084